000 00449nam a2200181Ia 4500
005 20250326142434.0
008 250326s9999 xx 000 0 und d
037 _aTextbook
040 _aFMSL
_beng
_cFMSL
041 _aeng
_2eng
084 _qFMSL
100 _aSen A
245 0 _aIndustrial organization
_cSen A
260 _aDelhi
_bDelhi, Oxford University Press
_c1996
300 _a543p
942 _cTB
999 _c1295025
_d1295025